|
|
|
|
| LEADER |
00000nam a2200000 4500 |
| 005 |
20110714102219.0 |
| 008 |
040217s2003 sp 000 0 spa d |
| 020 |
|
|
|a 8470886894
|
| 035 |
|
|
|a 5633
|
| 040 |
|
|
|a BUS
|d vLex
|
| 090 |
|
|
|c 2221
|d 2221
|
| 100 |
1 |
|
|a Caballero Sǹchez, Rafael.
|
| 245 |
1 |
0 |
|a Infraestructuras en red y liberalizacin̤ de servicios pb︢licos /
|c Rafael Caballero Sǹchez.
|h [Recurso electrn̤ico]
|
| 256 |
|
|
|a Servicio en ln̕ea.
|
| 260 |
|
|
|a Madrid :
|b Instituto Nacional de Administracin̤ Pb︢lica,
|c 2003.
|
| 300 |
|
|
|a 454 p. ;
|c 24 cm.
|
| 490 |
1 |
|
|a Estudios / Instituto Nacional de Administracin̤ Pb︢lica ;
|v 14.
|
| 500 |
|
|
|a Glosario.
|
| 504 |
|
|
|a Bibliografa̕.
|
| 506 |
1 |
|
|a Contenido solo disponible en los productos indicados
|d vLex Global
|d vLex Global (Academic Edition, excluding Law Schools)
|d vLex Global (U.S. Academic Edition, Law Schools)
|d vLex Global (U.S. Academic Edition, excluding Law Schools)
|d vLex Global (Academic Edition, Law Schools)
|
| 650 |
0 |
7 |
|a Planificacin̤ de la actividad econm̤ica
|2 Tesauro vLex
|
| 650 |
0 |
7 |
|2 Tesauro vLex
|a Inspeccin̤ de servicios pb︢licos
|
| 650 |
0 |
7 |
|2 Tesauro vLex
|a Servicios pb︢licos
|
| 650 |
0 |
7 |
|2 Tesauro vLex
|a Gestin̤ de servicios pb︢licos
|
| 710 |
2 |
|
|a Instituto Nacional de Administracin̤ Pb︢lica (Espaą)
|
| 740 |
0 |
|
|a vLex Libros (Servicio en ln̕ea)
|
| 810 |
2 |
|
|a Instituto Nacional de Administracin̤ Pb︢lica.
|t Estudios ;
|v 14.
|
| 856 |
4 |
0 |
|u http://vlex.com/source/infraestructuras-en-red-liberalizacion-servicios-publicos-5633
|z Acceso restringido
|
| 942 |
|
|
|c BOOK
|